00826 2200301 4500001002100000005001700021008004100038035002400079082001000103082000800113082001000121090001700131090001500148090001700163100002400180245008300204250001800287260001300305300002900318500005500347500001100402650002900413700001600442850001500458990001800473990001500491990001800506YOGYA-0209000001199620090227022202.0 ind  0010-020900000011996 a530.7 a530 a530.1 a530.7bBue T a530bBue T a530.1bBue T aBUECHE, Frederick J aTeori dan soal-soal fisikacoleh frederick J. Bueche ; alih bahasa B. Darmawan aEd. 8, Cet. 2 aJakartab axi, 382 hlmbilusc23 cm aJudul asli : Theory and problem of college physics aIndeks aFisika - Ujian, soal,dsb aDarmawan, B aYOPDYOG(B) a42707-P/93b1 aP000016277 a58255-P/95b1